000 00810nam a2200265 a 4500
001 58019
003 BD-RjUL
005 20211209080558.0
008 161212s1997 njuab b 001 0 eng
020 _a0132587084
035 _a(BD-RjUL)58143
040 _aDLC
_cDLC
_dDLC
_beng
041 _aeng
082 0 0 _a320.80973
_220
_bDYP 1997
100 1 _aDye, Thomas R.
_9172313
245 1 0 _aPolitics in states and communities /
_cThomas R. Dye.
250 _a9th ed.
260 _aUpper Saddle River, N.J. :
_bPrentice Hall,
_c1997.
300 _axvii, 535 p. :
_bill. ;
_c25 cm.
504 _aIncludes bibliographical references and index.
650 0 _aState governments
_zUnited States.
_9172288
650 0 _aLocal government
_zUnited States.
_9171731
942 _2ddc
_cBK
999 _c58019
_d58019